[Event "Colmenarejo Autumn op 25th"]
[Site "Colmenarejo"]
[Date "2018.10.28"]
[Round "7"]
[White "Rijpkema, Rimme"]
[Black "Garcia Fernandez, Jose Luis"]
[Result "1/2-1/2"]
[WhiteElo "1494"]
[BlackElo "1779"]
[PlyCount "46"]
[EventDate "2018.09.16"]
[EventType "swiss"]
[EventRounds "7"]
[EventCountry "ESP"]
[SourceTitle "CBM 187 Extra"]
[Source "ChessBase"]
[SourceDate "2018.11.04"]
[SourceVersion "1"]
[SourceVersionDate "2018.11.04"]
[SourceQuality "1"]

1. c4 c6 2. Nc3 d5 3. d4 Nf6 4. Bf4 dxc4 5. e4 b5 6. a3 e6 7. Nf3 Be7 8. h3 Bb7 9. g4 h6 10. Bg2 Nbd7 11. 0-0 Qb6 12. Bh2 a5 13. Rc1 Rd8 14. Re1 0-0 15. Qd2 b4 16. Na4 Qb5 17. Qc2 bxa3 18. bxa3 Qb3 19. Re3 Qxc2 20. Rxc2 Ba6 21. Nd2 Bb5 22. Nb2 a4 23. Nbxc4 Ra8 1/2-1/2